000 00602nam a2200241Ia 4500
003 OSt
005 20220918230633.0
006 a|||||r|||| 00| 0
007 ta
008 220917b |||||||| |||| 00| 0 eng d
024 _a256,811
037 _cTextual
040 _aARTS
_cARTS
_beng
041 _2eng
_aeng
082 _aY15v, M6.1
100 _aLerner Gerda
_9135573
245 0 _aCreation of patriarchy
260 _aNew York
_bOUP USA
_c1986
300 _a318p.
_ccm.
650 _aSOCIOLOGY
942 _hY15v, M6.1
_cTEXL
_2CC
999 _c288563
_d288563